Gruppen von linearen Transformationen. (Record no. 6497)
[ view plain ]
| 000 -LEADER | |
|---|---|
| fixed length control field | 00745cam a22002411 4500 |
| 001 - CONTROL NUMBER | |
| control field | 6497 |
| 003 - CONTROL NUMBER IDENTIFIER | |
| rucl marc code | BD-RjUL |
| 005 - DATE AND TIME OF LATEST TRANSACTION | |
| control field | 20211208234244.0 |
| 008 - FIXED-LENGTH DATA ELEMENTS--GENERAL INFORMATION | |
| fixed length control field | 140111m19481935eny 000 0 ger |
| 035 ## - SYSTEM CONTROL NUMBER | |
| System control number | (BD-RjUL)6538 |
| System control number | (OCoLC)648640 |
| 040 ## - CATALOGING SOURCE | |
| Original cataloging agency | DLC |
| Transcribing agency | OClU |
| Modifying agency | OCoLC |
| -- | BD-RjUL |
| Language of cataloging | eng |
| 041 ## - LANGUAGE CODE | |
| Language code of text/sound track or separate title | eng |
| 082 ## - DEWEY DECIMAL CLASSIFICATION NUMBER | |
| Classification number | 512.9434 |
| Author mark and year | WAG 1948 |
| Edition number | 23 |
| 100 1# - MAIN ENTRY--PERSONAL NAME | |
| Personal name | Waerden, B. L. van der |
| Fuller form of name | (Bartel Leendert), |
| Dates associated with a name | 1903- |
| 9 (RLIN) | 20459 |
| 245 10 - TITLE STATEMENT | |
| Title | Gruppen von linearen Transformationen. |
| Statement of responsibility, etc. | B. L. Van Der Waerden |
| 260 ## - PUBLICATION, DISTRIBUTION, ETC. (IMPRINT) | |
| Place of publication, distribution, etc. | New York : |
| Name of publisher, distributor, etc. | Chelsea Pub. Co., |
| Date of publication, distribution, etc. | c1935 [1948]. |
| 300 ## - PHYSICAL DESCRIPTION | |
| Pagination | 91p. ; |
| Size | 22 cm. |
| 490 0# - SERIES STATEMENT | |
| Series statement | Ergebnisse der Mathematik und ihrer Grenzgebiete, 4. Bd., |
| Volume/sequential designation | 2 |
| 650 #0 - SUBJECT ADDED ENTRY--TOPICAL TERM | |
| Topical term or geographic name as entry element | Matrices |
| 9 (RLIN) | 19941 |
| 942 ## - ADDED ENTRY ELEMENTS (KOHA) | |
| Source of classification or shelving scheme | Dewey Decimal Classification |
| Koha item type | Books |
| Lost status | Source of classification or shelving scheme | Damaged status | Not for loan | Collection code | Permanent Location | Current Location | Date acquired | Source of acquisition | Cost, normal purchase price | Total Checkouts | Full call number | Date last seen | Copy number | Koha item type | Shelving location |
|---|---|---|---|---|---|---|---|---|---|---|---|---|---|---|---|
| Dewey Decimal Classification | Non-fiction | Central Library, University of Rajshahi | Central Library, University of Rajshahi | 11/03/2063 | Zitlinger | 17.00 | 512.9434 WAG 1948 | 11/01/2014 | C-2 | Books | |||||
| Dewey Decimal Classification | Non-fiction | Central Library, University of Rajshahi | Central Library, University of Rajshahi | 06/03/1964 | Zeitlinger | 20.00 | 512.9434 WAG 1948 | 27/08/2016 | C-3 | Books |